[Event "Liga Insular Gran Canaria Preferente"]
[Site "Las Palmas"]
[Date "2019.06.01"]
[Round "9.3"]
[White "Garcia Prendes, Javier"]
[Black "Perez Guerra, Raul"]
[Result "0-1"]
[WhiteElo "1990"]
[BlackElo "2093"]
[PlyCount "26"]
[EventDate "2019.03.02"]
[EventType "team-tourn"]
[EventRounds "9"]
[EventCountry "ESP"]
[SourceTitle "EXT 2021"]
[Source "ChessBase"]
[SourceDate "2020.10.23"]
[SourceVersion "1"]
[SourceVersionDate "2020.10.23"]
[SourceQuality "1"]
[WhiteTeam "Villa de Teror"]
[BlackTeam "Guia Univac"]
[WhiteTeamCountry "ESP"]
[BlackTeamCountry "ESP"]

1. d4 d5 2. c4 e5 3. dxe5 d4 4. Nf3 Nc6 5. g3 Be6 6. Qc2 Qd7 7. a3 0-0-0 8. Bg2 Bf5 9. Qa4 Kb8 10. 0-0 d3 11. Nc3 dxe2 12. Nxe2 Nd4 13. Qd1 Nxf3+ 0-1